000 00296nam a22001337a 4500
008 181031b xxu||||| |||| 00| 0 eng d
020 _a9781119143871
041 _aeng
080 _a336.2
100 _a55
101 _aTAK
245 _aSmall Business Taxes 2016
_cWeltman,B
942 _2udc
_cBK
999 _c51217
_d51217